[Event "Titled Tuesday intern op 02nd Apr Early"]
[Site "Chess.com INT"]
[Date "2024.04.02"]
[Round "7"]
[White "Filippova, Margarita"]
[Black "Kopczynski, Michal"]
[Result "0-1"]
[WhiteElo "2007"]
[BlackElo "2225"]
[PlyCount "65"]
[EventDate "2024.04.02"]
[EventType "swiss (blitz)"]
[EventRounds "11"]
[EventCountry "USA"]
[SourceTitle "CB15_2024"]
[SourceDate "2024.04.10"]
[SourceVersion "1"]
[SourceVersionDate "2024.04.10"]
[SourceQuality "1"]

1. h3 d6 2. e4 c5 3. Nf3 e5 4. Bc4 Nc6 5. c3 Be6 6. Na3 Nf6 7. d3 Be7 8. Bg5 0-0 9. Qe2 h6 10. Bxf6 Bxf6 11. 0-0 Qd7 12. Rfd1 Rad8 13. Nc2 d5 14. exd5 Bxd5 15. Ne3 Be6 16. Nd2 Be7 17. Bxe6 Qxe6 18. Nec4 f5 19. Nf3 Bf6 20. Re1 b5 21. Na3 a6 22. Nc2 Rfe8 23. b3 e4 24. dxe4 fxe4 25. Rad1 Rxd1 26. Qxd1 Bxc3 27. Nd2 Rd8 28. Re2 Qd6 29. Ne3 Bxd2 30. Nf5 Qf4 31. Ng3 e3 32. fxe3 Bxe3+ 33. Kh2 0-1

[Event "Titled Tuesday intern op 12th Mar Early"]
[Site "Chess.com INT"]
[Date "2024.03.12"]
[Round "7"]
[White "Baruch, Liam"]
[Black "Filippova, Margarita"]
[Result "1-0"]
[WhiteElo "1831"]
[BlackElo "2026"]
[PlyCount "51"]
[EventDate "2024.03.12"]
[EventType "swiss (blitz)"]
[EventRounds "11"]
[EventCountry "USA"]
[SourceTitle "CB12_2024"]
[SourceDate "2023.10.01"]
[SourceVersion "1"]
[SourceVersionDate "2023.10.01"]
[SourceQuality "1"]

1. e4 a6 2. d4 d6 3. c4 g6 4. Nf3 Bg7 5. Nc3 Nd7 6. Be3 e5 7. d5 h5 8. Be2 Nh6 9. Qd2 Ng4 10. Bg5 f6 11. Be3 0-0 12. h3 Nxe3 13. Qxe3 a5 14. g4 f5 15. gxf5 gxf5 16. Rg1 f4 17. Qd2 Nc5 18. Ng5 Qf6 19. Bxh5 Bd7 20. f3 Be8 21. Bxe8 Raxe8 22. h4 Qh6 23. Rg4 Kh8 24. 0-0-0 Bf6 25. Rdg1 Rg8 26. Nf7+ 1-0

[Event "Titled Tuesday intern op 09th Jan Early"]
[Site "Chess.com INT"]
[Date "2024.01.09"]
[Round "9"]
[White "Filippova, Margarita"]
[Black "Balla, Tamas Kristof"]
[Result "0-1"]
[WhiteElo "2026"]
[BlackElo "2283"]
[PlyCount "167"]
[EventDate "2024.01.09"]
[EventType "swiss (blitz)"]
[EventRounds "11"]
[EventCountry "USA"]
[SourceTitle "CB03_2024"]
[SourceDate "2024.01.17"]
[SourceVersion "1"]
[SourceVersionDate "2024.01.17"]
[SourceQuality "1"]

1. e4 c5 2. Nf3 Nc6 3. c3 Nf6 4. e5 Nd5 5. d4 cxd4 6. cxd4 d6 7. Bc4 dxe5 8. Nxe5 e6 9. 0-0 Bd6 10. Nf3 h6 11. Nc3 0-0 12. Re1 Nxc3 13. bxc3 b6 14. a4 Bb7 15. Ba3 Rc8 16. Bxd6 Qxd6 17. Bd3 Ne7 18. Rc1 Nd5 19. Qb3 Nf4 20. Be4 Bxe4 21. Rxe4 Qd5 22. Qxd5 Nxd5 23. c4 Nf6 24. Ree1 Rfd8 25. h3 Rc7 26. Rc2 Rdc8 27. Rec1 Ne4 28. a5 Nd6 29. axb6 axb6 30. Nd2 Nf5 31. Nb3 Rd8 32. Rd1 Rcd7 33. Rcd2 Ra8 34. g4 Ne7 35. Kg2 Ra3 36. Rd3 Ra4 37. Rc1 Ng6 38. Kg3 Ne5 39. Rdc3 Nc6 40. c5 Nxd4 41. Nxd4 Raxd4 42. cxb6 Rb4 43. Rc8+ Kh7 44. R8c7 Rd3+ 45. Kg2 Kg6 46. R1c6 Rdb3 47. Rb7 Rb2 48. Rcc7 Rf4 49. Kg3 Rbxf2 50. Rc3 Rf1 51. Rb8 Rb4 52. b7 Rfb1 53. Rc7 R4b3+ 54. Kh4 Rh1 55. g5 Rhxh3+ 56. Kg4 h5+ 57. Kf4 Rhf3+ 58. Ke5 Rb5+ 59. Kd6 Rfb3 60. Kc6 h4 61. Rh8 Rb6+ 62. Kd7 Rxb7 63. Rxh4 Rxc7+ 64. Kxc7 Kxg5 65. Rh7 Kg6 66. Rh1 f5 67. Rg1+ Kf6 68. Kd6 Rd3+ 69. Kc5 Rd8 70. Kc4 g5 71. Rh1 g4 72. Rh6+ Ke5 73. Rh7 g3 74. Rg7 Kf4 75. Kc3 Kf3 76. Rf7 f4 77. Re7 g2 78. Rg7 Kf2 79. Kc4 f3 80. Rg6 g1Q 81. Rxg1 Kxg1 82. Kc5 f2 83. Kc6 f1Q 84. Kc7 0-1

[Event "Titled Tuesday intern op 09th Jan Early"]
[Site "Chess.com INT"]
[Date "2024.01.09"]
[Round "8"]
[White "Filippova, Margarita"]
[Black "Petersson, Kjell"]
[Result "1-0"]
[WhiteElo "2026"]
[BlackElo "2049"]
[PlyCount "113"]
[EventDate "2024.01.09"]
[EventType "swiss (blitz)"]
[EventRounds "11"]
[EventCountry "USA"]
[SourceTitle "CB03_2024"]
[SourceDate "2024.01.17"]
[SourceVersion "1"]
[SourceVersionDate "2024.01.17"]
[SourceQuality "1"]

1. e4 c5 2. Nf3 d6 3. d4 cxd4 4. Qxd4 Nc6 5. Bb5 Bd7 6. Bxc6 Bxc6 7. Nc3 Nf6 8. Bg5 e6 9. 0-0-0 Be7 10. Qd3 0-0 11. Nd4 Rc8 12. f4 Qa5 13. Kb1 a6 14. f5 e5 15. Nb3 Qc7 16. Bxf6 Bxf6 17. g4 b5 18. h4 a5 19. g5 Bd8 20. Rh2 a4 21. Nc1 b4 22. Nd5 Bxd5 23. Qxd5 Qc5 24. Qxd6 Bb6 25. Qxc5 Rxc5 26. Rhd2 Rc4 27. Re2 Bd4 28. b3 Rc6 29. bxa4 Ra8 30. Nb3 Bc3 31. a5 h6 32. Re3 Kf8 33. Red3 hxg5 34. hxg5 Rc7 35. Rd7 Rxd7 36. Rxd7 Ke8 37. Rd5 Ke7 38. Kc1 Ra6 39. Kd1 Ra8 40. Ke2 Rh8 41. a6 Rh2+ 42. Kd3 Rd2+ 43. Kc4 Rxc2 44. Kb5 Rxa2 45. Kb6 Bd4+ 46. Nxd4 exd4 47. Rxd4 b3 48. Rb4 b2 49. e5 Kd7 50. Kb7 Ra4 51. Rxb2 Ra5 52. a7 f6 53. Rd2+ Ke7 54. gxf6+ gxf6 55. exf6+ Kf7 56. a8Q Rxa8 57. Kxa8 1-0

[Event "Titled Tuesday intern op 09th Jan Early"]
[Site "Chess.com INT"]
[Date "2024.01.09"]
[Round "7"]
[White "Khamdamova, Afruza"]
[Black "Filippova, Margarita"]
[Result "1-0"]
[WhiteElo "2327"]
[BlackElo "2026"]
[PlyCount "83"]
[EventDate "2024.01.09"]
[EventType "swiss (blitz)"]
[EventRounds "11"]
[EventCountry "USA"]
[SourceTitle "CB03_2024"]
[SourceDate "2024.01.17"]
[SourceVersion "1"]
[SourceVersionDate "2024.01.17"]
[SourceQuality "1"]

1. e4 e5 2. Nf3 Nc6 3. Bb5 a6 4. Ba4 Nf6 5. 0-0 Nxe4 6. d4 b5 7. Bb3 d5 8. dxe5 Be6 9. c3 Nc5 10. Bc2 Be7 11. Be3 Qd7 12. Nbd2 h6 13. Re1 Nb7 14. a4 0-0 15. Nb3 Rad8 16. h3 f6 17. exf6 Bxf6 18. Nbd4 Nxd4 19. Nxd4 Bxd4 20. Bxd4 c5 21. Be5 Bf5 22. axb5 axb5 23. Ra7 Bxc2 24. Qxc2 Ra8 25. Rea1 Rxa7 26. Rxa7 Qc6 27. Qe2 Re8 28. f4 Re7 29. Ra8+ Re8 30. Qg4 g5 31. Ra7 Qb6 32. Qh5 Rxe5 33. Ra8+ Kg7 34. fxe5 Qe6 35. Re8 Qd7 36. e6 Qc7 37. Qf3 Nd6 38. Qf8+ Kg6 39. Re7 Qc6 40. Rg7+ Kh5 41. Qf3+ Kh4 42. Qg4# 1-0

[Event "Titled Tuesday intern op 19th Dec Early"]
[Site "Chess.com INT"]
[Date "2023.12.19"]
[Round "8"]
[White "Papp, Petra"]
[Black "Filippova, Margarita"]
[Result "0-1"]
[WhiteElo "2267"]
[BlackElo "2026"]
[PlyCount "78"]
[EventDate "2023.12.19"]
[EventType "swiss (blitz)"]
[EventRounds "11"]
[EventCountry "USA"]
[SourceTitle "CB52_2023"]
[SourceDate "2023.12.27"]
[SourceVersion "1"]
[SourceVersionDate "2023.12.27"]
[SourceQuality "1"]

1. e4 c5 2. Nf3 Nc6 3. d4 cxd4 4. Nxd4 e5 5. Nb5 a6 6. Nd6+ Bxd6 7. Qxd6 Qe7 8. Qd2 Nf6 9. Nc3 0-0 10. Be2 Nd4 11. 0-0 b5 12. f4 Bb7 13. Bd3 d6 14. f5 d5 15. exd5 Bxd5 16. Nxd5 Nxd5 17. Be4 Rad8 18. c3 Nxc3 19. bxc3 Nf3+ 20. Rxf3 Rxd2 21. Bxd2 f6 22. Rd3 Rd8 23. Rxd8+ Qxd8 24. Be3 h6 25. Kf1 Qc7 26. Rc1 Qc4+ 27. Kf2 Qxe4 28. Rd1 Qxf5+ 29. Ke2 Qc2+ 30. Rd2 Qxc3 31. g3 Qc4+ 32. Kf2 Kf7 33. Rd6 Qxa2+ 34. Kf3 Qc4 35. Rxa6 Qf1+ 36. Ke4 b4 37. Rb6 b3 38. Rb7+ Kg6 39. h4 Qh1+ 0-1

[Event "Titled Tuesday intern op 12th Dec Early"]
[Site "Chess.com INT"]
[Date "2023.12.12"]
[Round "2"]
[White "Filippova, Margarita"]
[Black "Pham, Le Thao Nguyen"]
[Result "0-1"]
[WhiteElo "2026"]
[BlackElo "2395"]
[PlyCount "88"]
[EventDate "2023.12.12"]
[EventType "swiss (blitz)"]
[EventRounds "11"]
[EventCountry "USA"]
[SourceTitle "CB51_2023"]
[SourceDate "2023.12.20"]
[SourceVersion "1"]
[SourceVersionDate "2023.12.20"]
[SourceQuality "1"]

1. e4 c5 2. Nf3 e6 3. c3 d5 4. e5 Nc6 5. d4 cxd4 6. cxd4 Bd7 7. Nc3 a6 8. Be2 Nge7 9. 0-0 Nf5 10. a3 h5 11. b4 Be7 12. Bb2 g5 13. Na4 g4 14. Ne1 Ncxd4 15. Bxd4 Nxd4 16. Qxd4 Bxa4 17. Rc1 Qd7 18. f4 Bb5 19. Bxb5 axb5 20. Rc3 Rc8 21. Rf2 Rc4 22. Qd3 Qc6 23. Rfc2 0-0 24. g3 Rc8 25. Rxc4 dxc4 26. Qe3 Rd8 27. Rd2 Rxd2 28. Qxd2 Qd5 29. Qxd5 exd5 30. Nc2 Bd8 31. Kf2 Bb6+ 32. Ke2 d4 33. Kd2 f6 34. exf6 Kf7 35. Ne1 Kxf6 36. Ng2 Kf5 37. Nh4+ Ke4 38. Ng6 d3 39. Ne5 Be3+ 40. Kc3 Bd4+ 41. Kd2 Bxe5 42. fxe5 Kxe5 43. Ke3 Kd5 44. Kd2 Kd4 0-1

[Event "Titled Tuesday intern op 12th Dec Early"]
[Site "Chess.com INT"]
[Date "2023.12.12"]
[Round "11"]
[White "Filippova, Margarita"]
[Black "Reprintsev, Alexander"]
[Result "0-1"]
[WhiteElo "2026"]
[BlackElo "2239"]
[PlyCount "125"]
[EventDate "2023.12.12"]
[EventType "swiss (blitz)"]
[EventRounds "11"]
[EventCountry "USA"]
[SourceTitle "CB51_2023"]
[SourceDate "2023.12.20"]
[SourceVersion "1"]
[SourceVersionDate "2023.12.20"]
[SourceQuality "1"]

1. e4 d5 2. exd5 Qxd5 3. d4 Nc6 4. c3 e5 5. dxe5 Qxd1+ 6. Kxd1 Nxe5 7. h3 Bf5 8. Bf4 0-0-0+ 9. Kc1 Nd3+ 10. Bxd3 Bxd3 11. Nd2 Bc5 12. Bg3 h5 13. Ngf3 f6 14. b4 Bb6 15. a4 a6 16. a5 Ba7 17. Re1 Nh6 18. Nb3 Nf5 19. Ra2 Bc4 20. Kc2 h4 21. Bf4 Bxf2 22. Rc1 Ne3+ 23. Bxe3 Bxe3 24. Re1 Bf4 25. Raa1 g5 26. Nbd4 Bd5 27. Rad1 Rhe8 28. Kd3 Bg3 29. Rxe8 Rxe8 30. Rd2 Be4+ 31. Kc4 c6 32. Re2 Bd5+ 33. Kd3 Rxe2 34. Nxe2 Bf2 35. c4 Bf7 36. Nc3 Bg6+ 37. Ne4 Kd7 38. Nh2 Be1 39. Kd4 Bxe4 40. Kxe4 Bxb4 41. Kf5 Bxa5 42. Kxf6 Bd2 43. Nf3 Bc1 44. Nxg5 Bxg5+ 45. Kxg5 a5 46. Kxh4 a4 47. g4 a3 48. g5 a2 49. Kh5 a1Q 50. Kg6 Qb1+ 51. Kg7 Qb2+ 52. Kg8 Qe5 53. g6 Qe6+ 54. Kh7 Qxh3+ 55. Kg8 Qe6+ 56. Kh8 Qxc4 57. g7 Qd4 58. Kg8 Qxg7+ 59. Kxg7 Ke6 60. Kg6 Ke5 61. Kg5 c5 62. Kg4 Ke4 63. Kg5 0-1

[Event "Titled Tuesday intern op 12th Dec Early"]
[Site "Chess.com INT"]
[Date "2023.12.12"]
[Round "7"]
[White "Mizzi, Jack"]
[Black "Filippova, Margarita"]
[Result "1-0"]
[WhiteElo "2043"]
[BlackElo "2026"]
[PlyCount "85"]
[EventDate "2023.12.12"]
[EventType "swiss (blitz)"]
[EventRounds "11"]
[EventCountry "USA"]
[SourceTitle "CB51_2023"]
[SourceDate "2023.12.20"]
[SourceVersion "1"]
[SourceVersionDate "2023.12.20"]
[SourceQuality "1"]

1. d4 d5 2. c4 e6 3. Nf3 Nf6 4. g3 Be7 5. Bg2 0-0 6. 0-0 dxc4 7. Ne5 Nc6 8. Bxc6 bxc6 9. Nxc6 Qe8 10. Nxe7+ Qxe7 11. Qc2 c5 12. b3 cxd4 13. Ba3 Qd7 14. Bxf8 Kxf8 15. Qxc4 Bb7 16. Rd1 e5 17. Nd2 Rc8 18. Qb4+ Kg8 19. Rac1 Rd8 20. Nf3 Bxf3 21. exf3 h6 22. Qc5 Qf5 23. f4 Ng4 24. Qe7 Rd7 25. Qe8+ Kh7 26. h3 Nf6 27. Qxe5 Qxh3 28. Rxd4 Ng4 29. Qe4+ g6 30. Rc2 Rc7 31. Rdd2 Rxc2 32. Rxc2 Qh5 33. b4 Nh2 34. Rc3 Ng4 35. Qg2 Qb5 36. a3 Kg7 37. f3 Ne3 38. Rxe3 Qd5 39. Qf2 Qd1+ 40. Kg2 Qd4 41. Re4 Qd1 42. Qd4+ Qxd4 43. Rxd4 1-0

[Event "RUS-ch U20 Girls"]
[Site "Moscow"]
[Date "2023.04.21"]
[Round "3"]
[White "Filippova, Margarita"]
[Black "Yakimova, Mariya"]
[Result "0-1"]
[WhiteElo "2087"]
[BlackElo "2245"]
[PlyCount "88"]
[EventDate "2023.04.19"]
[EventType "tourn"]
[EventRounds "9"]
[EventCountry "RUS"]
[SourceTitle "CBM 213 Extra"]
[Source "ChessBase"]
[SourceDate "2023.05.31"]
[SourceVersion "1"]
[SourceVersionDate "2023.05.31"]
[SourceQuality "1"]

1. d4 Nf6 2. Bf4 d5 3. e3 c5 4. c3 e6 5. Nf3 Bd6 6. Bg3 0-0 7. Bd3 Qc7 8. Ne5 Nbd7 9. f4 b5 10. Nd2 b4 11. 0-0 a5 12. Bh4 Ba6 13. Nxd7 Nxd7 14. Nf3 Bxd3 15. Qxd3 c4 16. Qe2 f5 17. Kh1 Rab8 18. g4 Qb7 19. Rac1 a4 20. cxb4 Qxb4 21. Rc2 a3 22. bxa3 Qxa3 23. Rg1 Be7 24. gxf5 Rxf5 25. Qg2 Bf8 26. Ng5 Qxe3 27. Re2 Qxf4 28. Nxe6 Qf3 29. Qxf3 Rxf3 30. Be7 g6 31. Ng5 Rf5 32. Bxf8 Rbxf8 33. Re7 Nf6 34. Rc7 Rf2 35. Rg2 Rxg2 36. Kxg2 Ra8 37. h4 Rxa2+ 38. Kf3 Rh2 39. Kg3 Rh1 40. Rc8+ Kg7 41. Rc7+ Kh6 42. Rf7 Rf1 43. Kg2 Rf5 44. Kh3 Rxg5 0-1

[Event "Cheliabinsk Lozovatsky Memorial-B"]
[Site "Cheliabinsk"]
[Date "2023.02.03"]
[Round "8"]
[White "Matsenko, Elena"]
[Black "Filippova, Margarita"]
[Result "0-1"]
[WhiteElo "1673"]
[BlackElo "2117"]
[PlyCount "106"]
[EventDate "2023.01.27"]
[EventType "swiss"]
[EventRounds "10"]
[EventCountry "RUS"]
[SourceTitle "CBM 212 Extra"]
[Source "ChessBase"]
[SourceDate "2023.03.31"]
[SourceVersion "1"]
[SourceVersionDate "2023.03.31"]
[SourceQuality "1"]

1. d4 Nf6 2. c4 e6 3. Nf3 Bb4+ 4. Bd2 Qe7 5. Nc3 Bxc3 6. Bxc3 Ne4 7. Qc2 Nxc3 8. Qxc3 d6 9. e3 Nd7 10. Be2 0-0 11. 0-0 e5 12. b4 e4 13. Nd2 c6 14. a4 f5 15. f3 exf3 16. Bxf3 Nf6 17. b5 Bd7 18. Rae1 d5 19. Bd1 Kh8 20. Bc2 cxb5 21. cxb5 Rac8 22. Qb2 Ng4 23. Qb3 Qd6 24. Nf3 Rc7 25. h3 Nf6 26. Ne5 g6 27. Bd3 Be6 28. Rc1 Rfc8 29. Rxc7 Qxc7 30. Qb4 Kg7 31. a5 Ne8 32. b6 axb6 33. axb6 Qd6 34. Qb2 Qd8 35. Ra1 Nd6 36. Ra2 Kg8 37. Qb4 Qf8 38. Qa3 f4 39. Bf1 Qd8 40. Qb4 fxe3 41. Ra3 Nf5 42. g4 Qh4 43. Ra2 Ng3 44. Qe1 e2 45. Bxe2 Nxe2+ 46. Rxe2 Qxh3 47. Qf1 Qg3+ 48. Rg2 Qe3+ 49. Qf2 Rc1+ 50. Kh2 Qh6+ 51. Kg3 Rc3+ 52. Nf3 Qg5 53. Kh2 Qf4+ 0-1